Laboratory manual human biology

Uloženo v:
Podrobná bibliografie
Hlavní autor: Mader, Sylvia S.
Médium: Kniha
Jazyk:Undetermined
Vydáno: Boston McGraw-Hill 2006
Témata:
Tagy: Přidat tag
Žádné tagy, Buďte první, kdo otaguje tento záznam!
Thư viện lưu trữ: Trung tâm Học liệu Trường Đại học Cần Thơ
LEADER 00501nam a2200193Ia 4500
001 CTU_138377
008 210402s9999 xx 000 0 und d
020 |c 65.34 
082 |a 155 
082 |b M181 
100 |a Mader, Sylvia S. 
245 0 |a Laboratory manual human biology 
245 0 |c Sylvia S. Mader 
260 |a Boston 
260 |b McGraw-Hill 
260 |c 2006 
650 |a Sinh lí học,Physiology 
904 |i Anh Ngan 
980 |a Trung tâm Học liệu Trường Đại học Cần Thơ